00636 2200241 4500001002100000005001500021035002000036008004100056020002200097082001200119084001800131100001700149245005000166250001700216260003000233300004000263650001400303700001800317505001200335990001500347990001500362990001700377INLIS00000000000172020260410100535 a0010-0323000139260410 g 0 ind  a978-979-29-2556-2 a616.692 a616.692 DIT c0 aDito Anurogo1 aCara Jitu Mengatasi Impotensi /cDito Anurogo a1, Cet. Ke-1 aYogyakarta :bANDI,c2011 axii, 258 hlm :bilus. ;c15 x 15 cm 4aImpotensi0 aAri Wulandari ahlm.258 a2012001166 a2012001168 a202500223263